Vykazovanie finančného prenájmu v kontexte legislatívnych zmien diplomová práca

Enregistré dans:
Détails bibliographiques
Auteur principal: Lukačovičová, Petra
Collectivité auteur: Fakulta hospodárskej informatiky EU. Katedra účtovníctva a audítorstva
Autres auteurs: Kňažková, Veronika, 1986-
Format: Livre
Langue:slovaque
Publié: Bratislava 2017
Tags: Ajouter un tag
Pas de tags, Soyez le premier à ajouter un tag!

MARC

LEADER 00000nbm a2200000 4500
001 0230889
005 20180410102019.9
041 0 |a slo 
044 |a SK 
245 1 0 |a Vykazovanie finančného prenájmu v kontexte legislatívnych zmien  |b diplomová práca  |c Petra Lukačovičová ; školiteľ: Veronika Kňažková 
264 1 |a Bratislava  |c 2017 
300 |a 66 s. 
100 1 |a Lukačovičová, Petra 
700 1 |a Kňažková, Veronika, 1986- 
710 2 |a Fakulta hospodárskej informatiky EU. Katedra účtovníctva a audítorstva